| 000 | 00698cab a2200241 4500 | ||
|---|---|---|---|
| 001 | WB3345-53 | ||
| 008 | 090401t1997 xxu||||| |||| 00| 0 eng d | ||
| 035 | _a(Sirsi) u82199 | ||
| 041 | _aeng | ||
| 245 | _aRush to buy farmland before tax move | ||
| 260 | _c1997 | ||
| 350 | _a0 | ||
| 490 |
_aFinancial Times _v17 November 1997, 6(1) |
||
| 520 | _aFarm prices are being kept high as buyers offer above the odds to beat expected increases in capital gains tax in the November Budget. | ||
| 650 | _aBUDGET | ||
| 650 | _aCAPITAL GAINS TAX | ||
| 650 | _aFARM PRICES | ||
| 650 | _aFARMLAND PRICES | ||
| 650 | _aFARMLAND | ||
| 690 | _aRURAL PRACTICE | ||
| 942 | _n0 | ||
| 948 | _c19/11/1997 | ||
| 999 |
_c51852 _d51852 |
||